| 000 | 00521nam a2200121Ia 4500 | ||
|---|---|---|---|
| 008 | 220620s9999||||xx |||||||||||||| ||und|| | ||
| 100 | _aSahin Yildirim | ||
| 245 | 0 | _aDesign, Control and Applications of Mechatronic Systems in Engineering | |
| 546 | _aEnglish[eng] | ||
| 650 | _aEngineering||Physical Sciences||Engineering and Technology||Electrical and Electronic Engineering||Mechatronics | ||
| 856 | _uhttps://www.intechopen.com/books/design-control-and-applications-of-mechatronic-systems-in-engineering | ||
| 942 | _cEB | ||
| 999 |
_c24513 _d24513 |
||